000 01063nam a2200241 4500
999 _c71138
_d71138
001 10269
003 OSt
005 20220920084503.0
007 tu
008 s1930||||||| ger
040 _aDE-2950
_cDE-2950
100 1 _aAlberty, Gerhard
245 0 0 _aGotthilf Samuel Steinbart (1738 - 1809) und seine Stellung in der theologischen Aufklärung des 18. Jahrhunderts :
_bInaugural-Dissertation zur Erlangung der Würde eines Licentiaten der Theologie .../
_cvon Gerhard Alberty
264 _aGotha:
_bFriedrich Andreas Perthes,
_c1930.
300 _a44 S.
365 _cDEM
500 _aSonderdruck aus der Zeitschrift für Kirchengeschichte XLIX. Band, Neue Folge XII, 1. Heft / Leopold Klotz Verlag Gotha
502 _aInaugural-Dissertation zur Erlangung der Würde eines Licentiaten der Theologie, genehmigt von der Hochwürdigen Theologischen Fakultät der Albertus-Universität in Königsberg i.Pr.
505 _aEnthält: Lebenslauf von Gerhard Alberty, S. 45
546 _adeutsch
653 _aDissertation
942 _2z
_cB